000 01016nam a2200313 a 4500
001 vtls000189920
003 NLI
005 20210602111620.0
008 101125s2001 cou 001 0 eng
020 _a1555879241 :
_cUSD 49.50
039 9 _y201011252248
_zVLOAD
040 0 _aNLI
_beng
_cDatasoft 1
_eAACR2
041 0 _aeng
044 _acou
082 0 4 _a327.1745
100 1 _aDando, Malcolm
_9296622
245 1 4 _aThe new biological weapons :
_bthreat, proliferation and control /
_cby Malcolm Dando
260 _aBoulder, Colo. :
_bLynne Rienner Publishers,
_cc2001
300 _aix, 181 p. ;
_c24 cm.
500 _aIncludes index
650 0 _aBiological weapons
_95684
650 0 _aBiological arms control
_9234335
887 _a
901 _a541714
_b09.08.2002
902 _aE 327.1745 D 197
942 _2ddc
_cBKS
949 _AVIRTUAITEM
_D10000
_X100
_6PUR000541714ENG
999 _aVIRTUA40
_c192540
_d192540
999 _aVTLSSORT0080*0200*0400*0410*0440*0820*1000*2450*2600*3000*5000*6500*6501*9010*9020*9490*9991